[Event "DEN-chT 2122 59th"]
[Site "Denmark"]
[Date "2022.03.20"]
[Round "9.3"]
[White "Neiksans, Arturs"]
[Black "Grubert, Christian"]
[Result "0-1"]
[WhiteElo "2570"]
[BlackElo "2112"]
[PlyCount "58"]
[EventDate "2021.10.30"]
[EventType "team-tourn"]
[EventRounds "9"]
[EventCountry "DEN"]
[SourceTitle "EXT 2023"]
[Source "ChessBase"]
[SourceDate "2022.10.05"]
[SourceVersion "1"]
[SourceVersionDate "2022.10.05"]
[SourceQuality "1"]
[WhiteTeam "Koge Xtracon"]
[BlackTeam "Jetsmark"]
[WhiteTeamCountry "DEN"]
[BlackTeamCountry "DEN"]

1. d4 Nf6 2. Nc3 d5 3. Bg5 h6 4. Bxf6 exf6 5. e4 Bb4 6. Bd3 0-0 7. Nge2 c5 8. exd5 cxd4 9. Nxd4 Qxd5 10. 0-0 Bxc3 11. bxc3 Qa5 12. Qf3 Nd7 13. Qe4 g6 14. Rfe1 Ne5 15. Rad1 Qxc3 16. Bf1 Kg7 17. Nb5 Qa5 18. Nd6 Qb6 19. Qf4 Bg4 20. Rxe5 Bxd1 21. Rf5 Qb2 22. c3 Qxc3 23. Ne4 Qa1 24. Rxf6 Be2 25. h4 Bxf1 26. Kh2 Rae8 27. Nd6 Qxf6 28. Nxe8+ Rxe8 29. Qxf6+ Kxf6 0-1

[Event "DEN-chT 2122 59th"]
[Site "Denmark"]
[Date "2022.01.29"]
[Round "5.6"]
[White "Tettinek, Michael"]
[Black "Grubert, Christian"]
[Result "1/2-1/2"]
[WhiteElo "2012"]
[BlackElo "2112"]
[PlyCount "37"]
[EventDate "2021.10.30"]
[EventType "team-tourn"]
[EventRounds "9"]
[EventCountry "DEN"]
[SourceTitle "EXT 2024"]
[Source "ChessBase"]
[SourceDate "2023.10.10"]
[SourceVersion "1"]
[SourceVersionDate "2023.10.10"]
[SourceQuality "1"]
[WhiteTeam "Aarhus/Skolerne"]
[BlackTeam "Jetsmark"]
[WhiteTeamCountry "DEN"]
[BlackTeamCountry "DEN"]

1. d4 f5 2. Nf3 Nf6 3. c3 e6 4. Bg5 Be7 5. Nbd2 0-0 6. Qc2 d5 7. Ne5 Nbd7 8. Ndf3 Ne4 9. Bxe7 Qxe7 10. Nxd7 Bxd7 11. Ne5 Rac8 12. f3 Nf6 13. e3 c5 14. Be2 f4 15. Nd3 fxe3 16. Nxc5 e5 17. Qb3 exd4 18. cxd4 Bc6 19. 0-0 1/2-1/2

[Event "Helsingor Hojstrupgaard op"]
[Site "Helsingor"]
[Date "2021.07.25"]
[Round "5"]
[White "Grubert, Christian"]
[Black "Guindy, Esmat Susanne"]
[Result "0-1"]
[WhiteElo "2130"]
[BlackElo "2100"]
[PlyCount "92"]
[EventDate "2021.07.23"]
[EventType "swiss"]
[EventRounds "5"]
[EventCountry "DEN"]
[SourceTitle "CBM 203 Extra"]
[Source "ChessBase"]
[SourceDate "2021.09.30"]
[SourceVersion "1"]
[SourceVersionDate "2021.09.30"]
[SourceQuality "1"]

1. e4 e6 2. d3 d5 3. Qe2 Be7 4. Nf3 Nf6 5. g3 b6 6. Bg2 c5 7. c4 dxc4 8. dxc4 Bb7 9. e5 Nfd7 10. 0-0 Nc6 11. Rd1 Qc7 12. Bf4 h6 13. g4 0-0-0 14. Nc3 a6 15. Bg3 Ndb8 16. Ne4 Nd4 17. Nxd4 Rxd4 18. Nd6+ Bxd6 19. exd6 Rxd1+ 20. Rxd1 Qd7 21. b4 Bxg2 22. Kxg2 Qc6+ 23. Kg1 cxb4 24. Qb2 f6 25. d7+ Nxd7 26. Qxb4 Qc5 27. Qa4 Nb8 28. Bd6 Qc6 29. Qb3 Nd7 30. Be7 Ne5 31. h3 Nxc4 32. Rc1 b5 33. a4 Re8 34. axb5 axb5 35. Qb4 Kb7 36. Ra1 Ra8 37. Rxa8 Kxa8 38. Bd8 Qe8 39. Be7 Qd7 40. Qc5 Kb7 41. Bf8 Ne5 42. Qc2 Qd4 43. Qh7 Nd3 44. Qxg7+ Kc6 45. Qxh6 Qxf2+ 46. Kh1 Nf4 0-1

[Event "Helsingor Hojstrupgaard op"]
[Site "Helsingor"]
[Date "2021.07.24"]
[Round "3"]
[White "Skjoldager, Per"]
[Black "Grubert, Christian"]
[Result "1/2-1/2"]
[WhiteElo "2103"]
[BlackElo "2130"]
[PlyCount "53"]
[EventDate "2021.07.23"]
[EventType "swiss"]
[EventRounds "5"]
[EventCountry "DEN"]
[SourceTitle "CBM 203 Extra"]
[Source "ChessBase"]
[SourceDate "2021.09.30"]
[SourceVersion "1"]
[SourceVersionDate "2021.09.30"]
[SourceQuality "1"]

1. e4 c5 2. c3 g6 3. Nf3 Bg7 4. d4 cxd4 5. cxd4 d5 6. e5 Nc6 7. Be3 Bg4 8. Nbd2 Nh6 9. Bb5 0-0 10. Bxc6 bxc6 11. Nb3 Nf5 12. h3 Nxe3 13. fxe3 Bf5 14. 0-0 Qb6 15. Qd2 a5 16. Nc5 a4 17. Qc3 Rfb8 18. b3 axb3 19. axb3 Qb5 20. Ra4 Bh6 21. g4 Be4 22. g5 Rxa4 23. Nxa4 Bxf3 24. gxh6 Qe2 25. Rf2 Qd1+ 26. Rf1 Qe2 27. Rf2 1/2-1/2

[Event "DEN-chT 1819 57th"]
[Site "Denmark"]
[Date "2019.03.17"]
[Round "9.3"]
[White "Grubert, Christian"]
[Black "Laursen, Niels Norskov"]
[Result "0-1"]
[WhiteElo "2148"]
[BlackElo "2304"]
[PlyCount "74"]
[EventDate "2018.10.27"]
[EventType "team-tourn"]
[EventRounds "9"]
[EventCountry "DEN"]
[SourceTitle "CBM 189 Extra"]
[Source "ChessBase"]
[SourceDate "2019.05.31"]
[SourceVersion "1"]
[SourceVersionDate "2019.05.31"]
[SourceQuality "1"]
[WhiteTeam "Jetsmark"]
[BlackTeam "Bronshoj"]
[WhiteTeamCountry "DEN"]
[BlackTeamCountry "DEN"]

1. e4 d6 2. Nf3 Nf6 3. d3 g6 4. g3 Bg7 5. Bg2 0-0 6. 0-0 c5 7. Qe2 Nc6 8. c3 Bg4 9. h3 Bxf3 10. Bxf3 Rb8 11. Rd1 Qc7 12. Be3 b5 13. d4 Nd7 14. Na3 b4 15. Nc4 Na5 16. Rac1 Nxc4 17. Qxc4 bxc3 18. bxc3 Rb2 19. Bg2 Rc8 20. dxc5 Nxc5 21. Bd4 Ne6 22. Qxc7 Rxc7 23. Bxg7 Kxg7 24. e5 dxe5 25. Rd5 Nc5 26. Ra1 Kf6 27. c4 e6 28. Rd6 Ke7 29. Rdd1 Rd7 30. Rxd7+ Kxd7 31. a3 f5 32. Re1 e4 33. Re3 Rb3 34. Rxb3 Nxb3 35. f3 exf3 36. Bxf3 Nd2 37. Be2 Kd6 0-1

[Event "DEN-chT 1819 57th"]
[Site "Denmark"]
[Date "2019.01.12"]
[Round "5.5"]
[White "Grubert, Christian"]
[Black "Smith, Axel"]
[Result "1/2-1/2"]
[WhiteElo "2148"]
[BlackElo "2492"]
[PlyCount "101"]
[EventDate "2018.10.27"]
[EventType "team-tourn"]
[EventRounds "9"]
[EventCountry "DEN"]
[SourceTitle "CBM 188 Extra"]
[Source "ChessBase"]
[SourceDate "2019.02.28"]
[SourceVersion "1"]
[SourceVersionDate "2019.02.28"]
[SourceQuality "1"]
[WhiteTeam "Jetsmark"]
[BlackTeam "Koge Xtracon"]
[WhiteTeamCountry "DEN"]
[BlackTeamCountry "DEN"]

1. e4 c5 2. Nf3 e6 3. d3 Nc6 4. g3 d6 5. Bg2 Nf6 6. 0-0 Be7 7. Qe2 0-0 8. c3 e5 9. Rd1 Qc7 10. Na3 Re8 11. h3 h6 12. Nc4 Be6 13. Ne3 Bf8 14. Nh4 Qd7 15. Kh2 d5 16. exd5 Nxd5 17. Nxd5 Bxd5 18. Bxd5 Qxd5 19. Qg4 Qe6 20. Be3 Rad8 21. Nf5 Qg6 22. Qxg6 fxg6 23. Nh4 g5 24. Ng6 Bd6 25. h4 g4 26. h5 Rd7 27. Kg2 Ne7 28. d4 cxd4 29. cxd4 e4 30. d5 a6 31. Rac1 Kf7 32. Nxe7 Bxe7 33. Rc4 Bf6 34. b3 Re5 35. d6 Rxh5 36. Rxe4 Ra5 37. a4 h5 38. Rb4 Re5 39. Bb6 Ke6 40. Bc7 b5 41. axb5 axb5 42. Rd2 Rc5 43. Re2+ Kf7 44. Rbe4 Rc3 45. Rb4 Rc5 46. Rbe4 Rd5 47. R2e3 Rd2 48. Rf4 Rd5 49. Rfe4 Rd2 50. Rf4 Rd5 51. Rfe4 1/2-1/2

[Event "DEN-chT 1819 57th"]
[Site "Denmark"]
[Date "2018.10.27"]
[Round "1.1"]
[White "Nielsen, Lars Aaes"]
[Black "Grubert, Christian"]
[Result "0-1"]
[WhiteElo "2246"]
[BlackElo "2148"]
[PlyCount "62"]
[EventDate "2018.10.27"]
[EventType "team-tourn"]
[EventRounds "9"]
[EventCountry "DEN"]
[SourceTitle "CBM 187 Extra"]
[Source "ChessBase"]
[SourceDate "2018.11.04"]
[SourceVersion "1"]
[SourceVersionDate "2018.11.04"]
[SourceQuality "1"]
[WhiteTeam "Nordkalotten"]
[BlackTeam "Jetsmark"]
[WhiteTeamCountry "DEN"]
[BlackTeamCountry "DEN"]

1. e4 c5 2. Nf3 g6 3. c3 Bg7 4. d4 cxd4 5. cxd4 d5 6. exd5 Nf6 7. Bb5+ Nbd7 8. d6 0-0 9. 0-0 exd6 10. Nc3 a6 11. Bxd7 Bxd7 12. Qb3 Rb8 13. Bf4 Bg4 14. Nd2 Nh5 15. Be3 b5 16. f3 Be6 17. d5 Bc8 18. Nce4 Bb7 19. Rad1 Re8 20. Rfe1 Re5 21. Nf1 Qe7 22. g4 f5 23. gxh5 fxe4 24. h6 Bf8 25. f4 Rh5 26. Ng3 Rh3 27. Re2 Bc8 28. Rg2 Bg4 29. Re1 Bf3 30. Bd4 Qh4 31. Rxe4 Bxe4 0-1

[Event "DEN-chT 1718 56th"]
[Site "Denmark"]
[Date "2018.01.14"]
[Round "6.2"]
[White "Nielsen, Thomas Bach"]
[Black "Grubert, Christian"]
[Result "1/2-1/2"]
[WhiteElo "2146"]
[BlackElo "2156"]
[PlyCount "21"]
[EventDate "2017.11.18"]
[EventType "team-tourn"]
[EventRounds "9"]
[EventCountry "DEN"]
[SourceTitle "EXT 2019"]
[Source "ChessBase"]
[SourceDate "2018.10.10"]
[SourceVersion "1"]
[SourceVersionDate "2018.10.10"]
[SourceQuality "1"]
[WhiteTeam "BMS"]
[BlackTeam "Jetsmark"]
[WhiteTeamCountry "DEN"]
[BlackTeamCountry "DEN"]

1. d4 f5 2. Nc3 d5 3. Bg5 h6 4. Bf4 Nf6 5. e3 e6 6. Nf3 Bb4 7. Ne5 0-0 8. Bd3 Nbd7 9. 0-0 Nxe5 10. Bxe5 Bd6 11. f4 1/2-1/2

[Event "DEN-chT 1718 56th"]
[Site "Denmark"]
[Date "2017.12.03"]
[Round "3.1"]
[White "Grubert, Christian"]
[Black "Christensen, Thomas1"]
[Result "1-0"]
[WhiteElo "2156"]
[BlackElo "2221"]
[PlyCount "89"]
[EventDate "2017.11.18"]
[EventType "team-tourn"]
[EventRounds "9"]
[EventCountry "DEN"]
[SourceTitle "CBM 181 Extra"]
[Source "ChessBase"]
[SourceDate "2017.12.12"]
[SourceVersion "1"]
[SourceVersionDate "2017.12.12"]
[SourceQuality "1"]
[WhiteTeam "Jetsmark"]
[BlackTeam "Copenhagen 68"]
[WhiteTeamCountry "DEN"]
[BlackTeamCountry "DEN"]

1. e4 e6 2. d3 d5 3. Qe2 Nf6 4. Nf3 Be7 5. g3 0-0 6. Bg2 c5 7. 0-0 Nc6 8. e5 Nd7 9. c4 dxc4 10. dxc4 Qc7 11. Bf4 b6 12. Nc3 Bb7 13. Rad1 Rad8 14. Nd5 exd5 15. cxd5 Nb4 16. d6 Bxd6 17. exd6 Qb8 18. Rfe1 h6 19. a3 Nd5 20. Qd2 N7f6 21. Be5 Qc8 22. Nh4 Ba8 23. Qc2 c4 24. Nf5 Qc5 25. Bd4 Qb5 26. Bxd5 Nxd5 27. Bxg7 Rfe8 28. Be5 Nf6 29. Ne7+ Rxe7 30. dxe7 Rxd1 31. Qxd1 Qc6 32. f3 Ne8 33. Bc3 f6 34. Re3 Kf7 35. Qd4 Bb7 36. Qf4 Kg7 37. Qg4+ Kf7 38. Qh5+ Kg7 39. Re4 Bc8 40. Rh4 Qa4 41. Qxh6+ Kf7 42. Re4 Bf5 43. Qh5+ Bg6 44. Qd5+ Kg7 45. Rxc4 1-0

[Event "DEN-ch cand"]
[Site "Svendborg"]
[Date "2016.03.25"]
[Round "4"]
[White "Larsen, Peter"]
[Black "Grubert, Christian"]
[Result "1-0"]
[WhiteElo "2284"]
[BlackElo "2186"]
[PlyCount "79"]
[EventDate "2016.03.22"]
[EventType "swiss"]
[EventRounds "7"]
[EventCountry "DEN"]
[SourceTitle "EXT 2023"]
[Source "ChessBase"]
[SourceDate "2022.10.05"]
[SourceVersion "1"]
[SourceVersionDate "2022.10.05"]
[SourceQuality "1"]

1. d4 f5 2. Bg5 Nf6 3. Bxf6 exf6 4. e3 d5 5. c4 Bb4+ 6. Nc3 Bxc3+ 7. bxc3 0-0 8. cxd5 Qxd5 9. Qb3 Qxb3 10. axb3 b6 11. Bc4+ Kh8 12. Bd5 c6 13. Bf3 Bb7 14. h4 Na6 15. h5 Nc7 16. Ne2 Ne6 17. b4 Ng5 18. Nf4 Nxf3+ 19. gxf3 Rfe8 20. Ke2 a6 21. Rhb1 Rad8 22. Kf1 Rd7 23. c4 Kg8 24. Rb2 Kf7 25. Rc1 Ree7 26. Kg2 Re8 27. Kg3 Ree7 28. c5 bxc5 29. bxc5 g5 30. hxg6+ hxg6 31. Nd3 g5 32. f4 gxf4+ 33. Nxf4 Rc7 34. Rh1 Kg8 35. Kf3 Bc8 36. Rb8 Kg7 37. Rg1+ Kh7 38. Rg3 Rf7 39. Nh5 Kh6 40. Rb1 1-0

[Event "DEN-chT 1516 54th"]
[Site "Denmark"]
[Date "2015.12.06"]
[Round "3.7"]
[White "Grubert, Christian"]
[Black "Christensen, Jan"]
[Result "1/2-1/2"]
[WhiteElo "2155"]
[BlackElo "2190"]
[PlyCount "58"]
[EventDate "2015.10.31"]
[EventType "team-tourn"]
[EventRounds "9"]
[EventCountry "DEN"]
[SourceTitle "EXT 2018"]
[Source "ChessBase"]
[SourceDate "2017.10.13"]
[SourceVersion "1"]
[SourceVersionDate "2017.10.13"]
[SourceQuality "1"]
[WhiteTeam "Jetsmark"]
[BlackTeam "Nordre"]
[WhiteTeamCountry "DEN"]
[BlackTeamCountry "DEN"]

1. Nf3 Nf6 2. g3 e6 3. Bg2 d5 4. 0-0 Be7 5. d3 0-0 6. Nbd2 c5 7. e4 Nc6 8. Re1 Qc7 9. b3 b6 10. Bb2 Bb7 11. exd5 Nxd5 12. Ne5 Bf6 13. f4 Nd4 14. Ndf3 Rac8 15. c4 Nb4 16. Nxd4 cxd4 17. Bxb7 Qxb7 18. a3 Nc6 19. Qf3 Rfd8 20. b4 Rc7 21. Ng4 Ne7 22. Nxf6+ gxf6 23. Qg4+ Kh8 24. Qh5 Nf5 25. Re4 Rcd7 26. Rae1 Ng7 27. Qh6 f5 28. R4e2 Qf3 29. Rd2 Nh5 1/2-1/2

[Event "DEN-chT 1516 54th"]
[Site "Denmark"]
[Date "2015.10.31"]
[Round "1"]
[White "Bekker Jensen, Simon"]
[Black "Grubert, Christian"]
[Result "1-0"]
[WhiteElo "2438"]
[BlackElo "2155"]
[PlyCount "51"]
[EventDate "2015.10.31"]
[EventType "team-tourn"]
[EventRounds "9"]
[EventCountry "DEN"]
[SourceTitle "CBM 169 Extra"]
[Source "ChessBase"]
[SourceDate "2015.12.18"]
[SourceVersion "1"]
[SourceVersionDate "2015.12.18"]
[SourceQuality "1"]
[WhiteTeam "Philidor"]
[BlackTeam "Jetsmark"]
[WhiteTeamCountry "DEN"]
[BlackTeamCountry "DEN"]

1. d4 f5 2. g3 Nf6 3. Bg2 e6 4. c4 Be7 5. Nc3 0-0 6. Nh3 d6 7. Nf4 Nc6 8. d5 exd5 9. cxd5 Ne5 10. 0-0 c6 11. Qb3 Qb6 12. Qc2 Bd7 13. h3 Rac8 14. Be3 Qa5 15. dxc6 bxc6 16. Rac1 d5 17. Qa4 Qxa4 18. Nxa4 Ne4 19. b3 Rc7 20. Nxd5 cxd5 21. Rxc7 Bd6 22. Rxa7 Bb5 23. Bxe4 fxe4 24. Nc3 Bd7 25. Kg2 Be6 26. Rd1 1-0

[Event "DEN-ch G7-A op"]
[Site "Helsingor"]
[Date "2013.03.28"]
[Round "3"]
[White "Grubert, Christian"]
[Black "Nielsen, Klaus"]
[Result "1-0"]
[WhiteElo "2143"]
[BlackElo "2090"]
[PlyCount "51"]
[EventDate "2013.03.26"]
[EventType "swiss"]
[EventRounds "7"]
[EventCountry "DEN"]
[SourceTitle "EXT 2014"]
[Source "ChessBase"]
[SourceDate "2013.11.20"]
[SourceVersion "1"]
[SourceVersionDate "2013.11.20"]
[SourceQuality "1"]

1. e4 c5 2. Nf3 Nc6 3. d4 cxd4 4. Nxd4 g6 5. c4 Bg7 6. Be3 d6 7. Nc3 Nh6 8. Be2 f5 9. exf5 Nxf5 10. Nxf5 Bxf5 11. 0-0 0-0 12. Qd2 Rc8 13. Rac1 Qa5 14. Rfd1 Rf7 15. Qd5 Bxc3 16. Rxc3 Qxa2 17. Qb5 a6 18. Qxb7 Qa5 19. c5 Qa4 20. Qxa6 Qb4 21. Bc4 Ne5 22. Bxf7+ Nxf7 23. cxd6 Nxd6 24. Rxd6 Rxc3 25. Rd8+ Kf7 26. bxc3 1-0

[Event "DEN-ch G7-A op"]
[Site "Helsingor"]
[Date "2013.03.27"]
[Round "2"]
[White "Andersen, Rune"]
[Black "Grubert, Christian"]
[Result "1/2-1/2"]
[WhiteElo "2133"]
[BlackElo "2143"]
[PlyCount "87"]
[EventDate "2013.03.26"]
[EventType "swiss"]
[EventRounds "7"]
[EventCountry "DEN"]
[SourceTitle "EXT 2014"]
[Source "ChessBase"]
[SourceDate "2013.11.20"]
[SourceVersion "1"]
[SourceVersionDate "2013.11.20"]
[SourceQuality "1"]

1. d4 f5 2. g3 Nf6 3. Bg2 e6 4. c4 Be7 5. Nd2 0-0 6. e4 fxe4 7. Nxe4 d5 8. Nxf6+ Bxf6 9. Nf3 Nc6 10. 0-0 dxc4 11. Be3 e5 12. Qe2 exd4 13. Qxc4+ Kh8 14. Rad1 Bg4 15. Rxd4 Nxd4 16. Nxd4 Qc8 17. Rc1 c6 18. b4 Qd7 19. Nb3 Qe6 20. Qf1 Bb2 21. Rb1 Be5 22. Bc5 Rf7 23. Re1 Qf6 24. Qc4 Be6 25. Qe4 Bxb3 26. axb3 Bd6 27. Bd4 Qf5 28. Qh4 h5 29. h3 Kg8 30. Be4 Be7 31. Bxf5 Bxh4 32. Be6 Bf6 33. Bxf6 gxf6 34. Rd1 Re8 35. Bxf7+ Kxf7 36. Kg2 Re7 37. Kf3 Kg6 38. h4 Re5 39. Rd4 Rb5 40. Ke4 a5 41. bxa5 Rxb3 42. Ra4 Rb2 43. f3 Rb5 44. a6 1/2-1/2

[Event "DEN-ch G7-A op"]
[Site "Helsingor"]
[Date "2013.03.26"]
[Round "1"]
[White "Grubert, Christian"]
[Black "Jensen, Leif Haugaard"]
[Result "1/2-1/2"]
[WhiteElo "2143"]
[BlackElo "2013"]
[PlyCount "60"]
[EventDate "2013.03.26"]
[EventType "swiss"]
[EventRounds "7"]
[EventCountry "DEN"]
[SourceTitle "EXT 2014"]
[Source "ChessBase"]
[SourceDate "2013.11.20"]
[SourceVersion "1"]
[SourceVersionDate "2013.11.20"]
[SourceQuality "1"]

1. e4 e6 2. d3 d5 3. Qe2 dxe4 4. dxe4 Bd7 5. Nf3 Bc5 6. g3 Ne7 7. Bg2 0-0 8. 0-0 Bc6 9. Rd1 Qc8 10. Qc4 Bb6 11. Nc3 Nd7 12. b4 a6 13. a4 Ng6 14. Ba3 Nde5 15. Nxe5 Nxe5 16. Qe2 Rd8 17. Kh1 Rxd1+ 18. Rxd1 Qe8 19. f4 Ng6 20. a5 Ba7 21. Qd3 h6 22. Ne2 Rc8 23. c4 Ba4 24. Rd2 c5 25. Nc3 cxb4 26. Bxb4 Bc6 27. c5 Rc7 28. Qd8 Rc8 29. Qd4 Rc7 30. Qd8 Rc8 1/2-1/2

[Event "EU-Cup 27th"]
[Site "Rogaska Slatina"]
[Date "2011.09.27"]
[Round "3"]
[White "Grubert, Christian"]
[Black "Adamcik, Robert"]
[Result "1-0"]
[WhiteElo "2148"]
[BlackElo "2046"]
[PlyCount "45"]
[EventDate "2011.09.25"]
[EventType "team-swiss"]
[EventRounds "7"]
[EventCountry "SLO"]
[SourceTitle "CBM 145"]
[Source "ChessBase"]
[SourceDate "2011.11.11"]
[SourceVersion "1"]
[SourceVersionDate "2011.11.11"]
[SourceQuality "1"]
[WhiteTeam "Jetsmark"]
[BlackTeam "Cadca"]
[WhiteTeamCountry "DEN"]
[BlackTeamCountry "SVK"]

1. e4 c5 2. Nf3 Nf6 3. e5 Nd5 4. Nc3 e6 5. Nxd5 exd5 6. d4 d6 7. c3 Nc6 8. Bb5 a6 9. Bxc6+ bxc6 10. 0-0 Be7 11. Qa4 Qc7 12. exd6 Bxd6 13. dxc5 Bxc5 14. Bf4 Bd6 15. Rae1+ Kf8 16. Bxd6+ Qxd6 17. Ne5 Be6 18. f4 f6 19. f5 fxe5 20. fxe6+ Kg8 21. Qg4 Re8 22. Rf7 g6 23. Ref1 1-0

[Event "DEN-chT 0607"]
[Site "Denmark"]
[Date "2007.03.04"]
[Round "7.7"]
[White "Vej, Jesper"]
[Black "Grubert, Christian"]
[Result "1/2-1/2"]
[WhiteElo "2078"]
[BlackElo "2020"]
[PlyCount "101"]
[EventDate "2006.11.04"]
[EventType "team-tourn"]
[EventRounds "9"]
[EventCountry "DEN"]
[SourceTitle "EXT 2023"]
[Source "ChessBase"]
[SourceDate "2022.10.05"]
[SourceVersion "1"]
[SourceVersionDate "2022.10.05"]
[SourceQuality "1"]
[WhiteTeam "Helsinge"]
[BlackTeam "Jetsmark"]
[WhiteTeamCountry "DEN"]
[BlackTeamCountry "DEN"]

1. e4 c5 2. c3 g6 3. d4 cxd4 4. cxd4 Bg7 5. Nc3 d6 6. Nf3 Nf6 7. Be2 0-0 8. 0-0 a6 9. h3 b5 10. e5 Ne8 11. Bf4 Bb7 12. Qd3 Nc6 13. Rfd1 Nb4 14. Qd2 Nd5 15. Bh6 Nec7 16. Bxg7 Kxg7 17. exd6 Qxd6 18. Ne4 Qf4 19. Nc5 Qxd2 20. Rxd2 Bc8 21. Ne5 Rb8 22. Ned7 Bxd7 23. Nxd7 Rbd8 24. Nxf8 Kxf8 25. Bf3 Ne6 26. Bxd5 Rxd5 27. Rad1 Ke8 28. Kf1 Kd7 29. g3 h5 30. h4 g5 31. hxg5 Rxg5 32. Ke2 f5 33. Rh1 Rg4 34. Rxh5 Nxd4+ 35. Rxd4+ Rxd4 36. Rxf5 Ke6 37. Rc5 Ra4 38. a3 Kd6 39. Rc8 e5 40. Rg8 Kd5 41. Rc8 b4 42. axb4 Rxb4 43. Rc2 Rb3 44. f3 e4 45. fxe4+ Kxe4 46. g4 Kf4 47. Kd2 Kxg4 48. Rc4+ Kf5 49. Kc2 Rb6 50. Rd4 Ke5 51. Rd8 1/2-1/2

[Event "DEN-chT 0607"]
[Site "Denmark"]
[Date "2007.01.14"]
[Round "5.7"]
[White "Christensen, Thomas"]
[Black "Grubert, Christian"]
[Result "1-0"]
[WhiteElo "2271"]
[BlackElo "2020"]
[PlyCount "91"]
[EventDate "2006.11.04"]
[EventType "team-tourn"]
[EventRounds "9"]
[EventCountry "DEN"]
[SourceTitle "EXT 2023"]
[Source "ChessBase"]
[SourceDate "2022.10.05"]
[SourceVersion "1"]
[SourceVersionDate "2022.10.05"]
[SourceQuality "1"]
[WhiteTeam "Copenhagen 68"]
[BlackTeam "Jetsmark"]
[WhiteTeamCountry "DEN"]
[BlackTeamCountry "DEN"]

1. d4 f5 2. g3 Nf6 3. Bg2 e6 4. Nf3 Be7 5. 0-0 0-0 6. c4 Ne4 7. Nbd2 d5 8. Qc2 c6 9. Ne5 Nd7 10. Nd3 Bf6 11. Nf3 Qe7 12. b3 b6 13. cxd5 cxd5 14. Qc6 Rb8 15. Bb2 Rb7 16. Rfc1 h6 17. a4 Nb8 18. Qc2 Qd8 19. Ba3 Be7 20. Bxe7 Qxe7 21. Nfe5 Re8 22. Ng6 Qd8 23. Nde5 Bd7 24. Bxe4 fxe4 25. Qd2 Na6 26. b4 b5 27. a5 Qg5 28. Qb2 Rd8 29. h4 Qf6 30. Nf4 Qe7 31. Nc6 Bxc6 32. Rxc6 Qxb4 33. Qc2 Nb8 34. Rc8 Qf8 35. Rxd8 Qxd8 36. Nxe6 Qe8 37. Nc5 Rc7 38. Qb3 e3 39. Qxd5+ Kh8 40. f4 Nc6 41. Ne6 Rc8 42. f5 a6 43. Rf1 Qe7 44. Rc1 Qe8 45. Rc3 Nxa5 46. Qe5 1-0

[Event "North Sea Cup 19th"]
[Site "Esbjerg"]
[Date "2004.07.06"]
[Round "5"]
[White "Stovring, Claus"]
[Black "Grubert, Christian"]
[Result "0-1"]
[WhiteElo "2032"]
[BlackElo "2159"]
[PlyCount "114"]
[EventDate "2004.07.03"]
[EventType "swiss"]
[EventRounds "9"]
[EventCountry "DEN"]
[SourceTitle "CBM 101 Extra"]
[Source "ChessBase"]
[SourceDate "2004.09.01"]
[SourceVersion "2"]
[SourceVersionDate "2004.09.01"]
[SourceQuality "1"]

1. d4 g6 2. e4 Bg7 3. Nc3 d6 4. Be2 Nf6 5. h4 c5 6. dxc5 Qa5 7. Kf1 dxc5 8. h5 Nc6 9. h6 Bf8 10. Bg5 Be6 11. Qd2 Rd8 12. Qf4 Nd7 13. Nb5 Nde5 14. Nf3 Nxf3 15. gxf3 Rd7 16. Kg2 a6 17. a4 Nd4 18. Qe5 Rg8 19. Nxd4 Rxd4 20. Rhd1 Qb6 21. Rxd4 cxd4 22. Rd1 f6 23. a5 Qc6 24. Qxd4 fxg5 25. c4 Bxh6 26. b4 Bg7 27. b5 Qc7 28. Qa7 Qxa5 29. Qxb7 axb5 30. cxb5 Kf7 31. Rc1 Qa8 32. Qb6 Qb8 33. Qa6 Rc8 34. Rc6 Rxc6 35. bxc6 Be5 36. Bc4 Bxc4 37. Qxc4+ e6 38. Qd3 Qc7 39. Qb5 h6 40. Kh3 Ke7 41. Qc5+ Bd6 42. Qc3 e5 43. Qc4 Qb6 44. Qg8 Qxc6 45. Qxg6 Qd7+ 46. Kg2 Qe6 47. Qg7+ Ke8 48. Kg3 Bf8 49. Qb7 Be7 50. Qa8+ Kf7 51. Qa1 Qf6 52. Qd1 h5 53. Kg2 Kg6 54. Qd7 Bc5 55. Qd5 Bd4 56. Qg8+ Kh6 57. Kg1 g4 0-1